000 00498nam a2200217Ia 4500
003 0100
008 130303s9999 xx 000 0 und d
040 _cARRUPELIB
050 _aBF698.L93 1969
245 _aPersonality
245 _ba behavioral analysis
260 _aLondon
260 _bThe Macmillan Company
260 _C1969
300 _a464p.
300 _b 25cm.
650 _bElegiac poetry
650 _cBereavement--Poetry
650 _dDeath--Poetry
942 _2lcc
_01
999 _c67345
_d67345